01152nam a2200241Ia 4500001001200000003000800012006001900020007001500039008004100054040002100095035002100116050002200137245017500159260008300334300001500417533015200432650002600584650002200610655002900632710010600661710001700767856012600784ebr10071603CaPaEBRm u cr cn|||||||||821024s1994 dcu s 000 0 eng d aCaPaEBRcCaPaEBR a(OCoLC)72682328114aUA10b.A76 1994eb00aArmy Research Laboratoryh[electronic resource] :balternative organizational and management options /cCommittee on Alternative Futures for the Army Research Laboratory. aWashington :bNational Academy of Sciences, National Research Council,c1994. axv, 241 p. aElectronic reproduction.bPalo Alto, Calif. :cebrary,d2009.nAvailable via World Wide Web.nAccess may be limited to ebrary affiliated libraries. 0aArmiesxOrganization. 0aArmiesxResearch. 7aElectronic books.2local2 aNational Research Council (U.S.).bCommittee on Alternative Futures for the Army Research Laboratory.2 aebrary, Inc.40uhttp://site.ebrary.com/lib/rucke/Doc?id=10071603zAn electronic book accessible through the World Wide Web; click to view